000 00601nam a22002417a 4500
001 BR8002859
003 BR-BrBNA
005 20230928090615.0
007 ta
008 230509b bl.||||| |||| 00| 0 por d
040 _aBR-BrBNA
_bpor
_cBiblioteca Nacional de Agricultura
041 _a(Por)
072 _aL00
_b5250
_b/G514
090 _ 5250 BR8002859
100 1 _aRego, J.B. do
245 1 _aABC do criador de cabra [Brasil]
260 3 _aTeresina, PI (Brasil):
_c1980.
300 _a14 p.
650 _aCabra
650 _aManejo
909 _a202309
_bLucia
_c55
_dLucia Elande
942 _cBK
999 _c29610
_d29610